Score 0/23 Timer 03:00
2 Plays Today
Clue 4-Letter Word % Correct
It has a pH below 7🔗 ACID 🔗
92.4%
Hotel chain: ___ WesternBEST
91.4%
Persons working togetherTEAM
90.3%
Assessment🔗 TEST 🔗
89.4%
A metric unit of massGRAM
88.5%
Head and shoulders sculptureBUST
88.1%
DryARID
87.8%
MelodyTUNE
87%
StreetcarTRAM
86.5%
Sand moundDUNE
85.7%
Network of perpendicular linesGRID
85.7%
UdderTEAT
85.6%
Clue 4-Letter Word % Correct
Unpleasant; morbidGRIM
84.3%
Having a sound, healthy mindSANE
83.1%
Copenhagener?DANE
82.8%
Reynolds or LancasterBURT
82.5%
HealCURE
81.8%
Rudely briefCURT
79.1%
Raise to the third powerCUBE
79%
Slangy TV set🔗 TUBE 🔗
77.3%
Short stocking🔗 SOCK 🔗
76.8%
Dismiss from a jobSACK
74.3%
Scuttled a shipSANK
74.1%

Today's Daily Dose

Remove Ads.
Support Sporcle.
Get the best of Sporcle when you Go Orange. This ad-free experience offers more features, more stats, and more fun while also helping to support Sporcle. Thank you for becoming a member.

You're not logged in!

Compare scores with friends on all Sporcle quizzes.
OR
Log In

Show Comments

Extras

Top Quizzes Today


Score Distribution

Your Account Isn't Verified!

In order to create a playlist on Sporcle, you need to verify the email address you used during registration. Go to your Sporcle Settings to finish the process.

Report this User

Report this user for behavior that violates our Community Guidelines.

Details: